000
00217 a2200097 4500
001
41109
100
_a
Bueche F
245
_a
Theory & Problem of College Physics
260
_a
_b
McGraw Hill
_c
090
_c
25339
_d
25339
942
_a
NUST-CAE
_c
M
_c
17046
999
_c
276182
_d
276182